00625nam a22002057a 45000010005000000030009000050050017000140080041000310200015000720400033000870820017001201000020001372450062001572500013002192600062002323000046002945040039003406500018003797000022003974854BD-DhUAP20201123160347.0201123r19951990mouaf b 001 0 eng c a817225024X aDNLM/DLCcDLCdBD-DhUAPbEng00223 a572 ORT aOrten, James M. aHuman biochemistry /cJames M. Orten and Otto W. Neuhaus. a10th ed. aNew Delhi :bB. I. publications,cc1990 [Reprinted 1995]. avii, 984 pages :billustrations ;c28 cm. aIncludes bibliographies and index. aBiochemistry. aNeuhaus, Otto W.